Video game genre by game examples - Statistics

General Stats
  • This quiz has been taken 28 times
  • The average score is 8 of 20
Answer Stats
Games Genre % Correct
Doom / Quake / Duke Nukem 3D FPS
100%
Super Mario Bros. / Super Meat Boy / I Wanna Be the Boshy Platform
80%
The Elder Scrolls series / Gothic series / Dragon Age series RPG
80%
World of Warcraft / Lineage II / Perfect World MMORPG
76%
Outlast / Fatal Frame / Visage Horror
72%
Bloodborne / Elden Ring / Lies of P Soulslike
64%
Final Fantasy / Xenogears / Ni no Kuni JRPG
52%
Metal Gear Solid / Hitman / Splinter Cell Stealth Action
48%
Hollow Knight / Blasphemous / Dead Cells Metroidvania
44%
Doki-Doki Literature Club! / Katawa Shoujo / Ever 17: The Out of Infinity VN
44%
Devil May Cry / Metal Gear Rising: Revengeance / Bayonetta Hack and Slash
36%
Gears of War / Vanquish / Spec Ops: The Line 3rd Person Shooter
28%
Age of Empires / Warhammer 40,000: Dawn of War / Command & Conquer RTS
24%
Resident Evil / Silent Hill / Dino Crisis Survival Horror
24%
Black & White / Papers, Please / The Operator Simulator
12%
Deponia / Day of the Tentacle / Full Throttle Graphic Adventure
4%
System Shock 2 / Deus Ex / Dishonored Immersive Sim
0%
Heavy Rain / Until Dawn / The Quarry Interactive Movie
0%
Syberia / Myst / Obduction Puzzle Adventure
0%
VVVVVV / Braid / Limbo Puzzle Platform
0%
No matching quizzes found
Score Distribution
Percent of People with Each Score
Percentile by Number Answered
Your Score History
You have not taken this quiz